000 00295nam a2200121Ia 4500
008 220120s9999||||xx |||||||||||||| ||und||
082 _a823 MAL
100 _aMalouf, David
_911842
245 0 _aDream stuff
260 _aVintage
_bBangalore
_c2001
300 _a500p.
_b275
650 _aELECTRONICS
999 _c137380
_d137380